1088 1015 1464 1776 1009 1748 1060 1571 1988 1545 1923 1467 1022 1716 1057 1862 1066 1000 1335 1679 1264 1650 1006 1292 1470 1747 1606 1306 1941 1993 1899 1143 1730 1495 1921 1410 1600 1509 1281 1601 1639 1144 1562 1874 1473 1500 1720 1337 1789 1515 1005 1893 1985 1212 1203 1016 1161 1087 1611 1226 1828 1457 1371 1997 1626 1868 1436 1237 1162 1686 1263 1208 1864 1149 1257 1559 1102 1631 1810 1632 1139 1068 1260 1996 1756 1788 1384 1444 1292 1722 1970 1634 1296 1545 1893 1542 1677 1607 1916 BCNSPRNW ULIB Ver.6.0+V

เปลี่ยนเป็นภาษาไทย

Change to English
 แสดงรายละเอียดบรรณานุกรม
  กลับหน้าหลัก

Brief Record : Get Marc (ISO 2709) : E-mail record : QR code < ปิดหน้าต่าง
LEADER : 00000nam 2200000uu 4500
001    13399123536
003     ULIB
008    141005s2555||||th 000 0 tha d
020    9786167375434
060 04 WO500^bค695
245 00 คู่มือหัตถการทางวิสัญญี =^bHandbook of anestheticprocedures /^c[บรรณาธิการ] วิรัตน์ วศินวงศ์
246 31 Handbook of anesthetic procedures
250    พิมพ์ครั้งที่ 2
260    สงขลา :^bชานเมืองการพิมพ์,^c2555
300    223 หน้า :^bภาพประกอบ ;^c22 ซม.
650  4 หัตถการทางการแพทย์
650  4 วิสัญญีวิทยา
700 0  วิรัตน์ วศินวงศ์,^eบรรณาธิการ
945    ^p220^l0^i21021
945    ^p220^l0^i21022
945    ^p220^l0^i21023
945    ^p220^l0^i21024
945    ^p220^l0^i21025
995    ทศพร
999 ^a ใช้งานได้ทุกระบบ
รายการนี้ยังไม่มีแท็ก
คุณยังไม่ได้ล็อกอิน คุณสามารถมีกิจกรรมร่วมกับเว็บไซต์ได้ แต่ต้องล็อกอินก่อน ::
  ล็อกอิน

รายการสื่อสารสนเทศ

ลำดับที่ ประเภท เลขเรียก/บาร์โค้ด สถานที่ สถานะ
1. วิทยาศาสตร์การแพทย์ และสุขภาพ
วิทยาศาสตร์การแพทย์ และสุขภาพ
สถานะ=หนังสือเก่า
WO500 ค695 ฉ.1 
  Barcode: 21021
ห้องสมุดวิทยาเขตนครสวรรค์
►ส่วนจัดเก็บหนังสือเก่า นว.
บนชั้น
  ขอยืม
2. วิทยาศาสตร์การแพทย์ และสุขภาพ
วิทยาศาสตร์การแพทย์ และสุขภาพ
สถานะ=หนังสือเก่า
WO500 ค695 ฉ.2 
  Barcode: 21022
ห้องสมุดวิทยาเขตนครสวรรค์
►ส่วนจัดเก็บหนังสือเก่า นว.
บนชั้น
  ขอยืม
3. วิทยาศาสตร์การแพทย์ และสุขภาพ
วิทยาศาสตร์การแพทย์ และสุขภาพ
สถานะ=หนังสือเก่า
WO500 ค695 ฉ.3 
  Barcode: 21023
ห้องสมุดวิทยาเขตนครสวรรค์
►ส่วนจัดเก็บหนังสือเก่า นว.
บนชั้น
  ขอยืม
4. วิทยาศาสตร์การแพทย์ และสุขภาพ
วิทยาศาสตร์การแพทย์ และสุขภาพ
สถานะ=หนังสือเก่า
WO500 ค695 ฉ.4 
  Barcode: 21024
ห้องสมุดวิทยาเขตนครสวรรค์
►ส่วนจัดเก็บหนังสือเก่า นว.
บนชั้น
  ขอยืม
5. วิทยาศาสตร์การแพทย์ และสุขภาพ
วิทยาศาสตร์การแพทย์ และสุขภาพ
สถานะ=หนังสือเก่า
WO500 ค695 ฉ.5 
  Barcode: 21025
ห้องสมุดวิทยาเขตนครสวรรค์
►ส่วนจัดเก็บหนังสือเก่า นว.
บนชั้น
  ขอยืม

รายการใกล้เคียง
    หัวเรื่อง [หัตถการทางการแพทย์]
    หัวเรื่อง [วิสัญญีวิทยา]

BibComment


ยังไม่เคยถูกคอมเมนท์

คอมเมนท์ทรัพยากรรายการนี้
  คอมเมนท์: คู่มือหัตถการทางว..


 Copyright 2026. Bcnsprnw @Library